Survivor Cagayan Quotes Quiz Stats

 Plays Quiz not verified by Sporcle

Challenge
Share
Tweet
Embed
Score 0/18 Timer 10:00
0 Plays Today
% Correct
Sarah Lacina
89.9%
Cliff Robinson
89%
Lindsey Ogle
79.4%
Kass McQuillen
74.8%
Jeremiah Wood
73.9%
Tony Vlachos
72%
Brice Johnston
61.9%
David Samson
57.3%
Woo Hwang
56.9%
% Correct
Tasha Fox
55%
Morgan McLeod
47.2%
Spencer Bledsoe
46.3%
LJ McKanas
44%
Alexis Maxwell
32.1%
J'Tia Taylor
27.1%
Garrett Adelstein
25.7%
Trish Hegarty
22%
Jefra Bland
17%

You're not logged in!

Compare scores with friends on all Sporcle quizzes.
Join for Free
OR
Log In

You Might Also Like...

Show Comments

Extras

Top Quizzes Today


Score Distribution

Your Account Isn't Verified!

In order to create a playlist on Sporcle, you need to verify the email address you used during registration. Go to your Sporcle Settings to finish the process.

Report this User

Report this user for behavior that violates our Community Guidelines.

Details: